Normal view
MARC view
- العبادي، ايمان يونس ابراهيم
Entry Personal Name
001 - CONTROL NUMBER
- control field: 62767
003 - CONTROL NUMBER IDENTIFIER
- control field: JO-AjAnu
005 - DATE AND TIME OF LATEST TRANSACTION
- control field: 20230606084241.0
008 - FIXED-LENGTH DATA ELEMENTS
- fixed length control field: 230606|| aca||aabn | a|a d
040 ## - CATALOGING SOURCE
- Original cataloging agency: JO-AjAnu
- Transcribing agency: JO-AjAnu
100 ## - HEADING--PERSONAL NAME
- Personal name: العبادي، ايمان يونس ابراهيم
670 ## - SOURCE DATA FOUND
- Source citation: Work cat.: (JO-AjAnu)32006: العبادي، ايمان يونس ابراهيم, author, التحرش الجنسي بالاطفال = Sexual harassment of children